000
00288nam a2200109Ia 4500
008
200302s9999 xx 000 0 und d
100
_a
Walter F. Wagner
245
_a
More Houses Architects Design Themselves
260
_b
Tata Mcgraw-Hill Publishing Co.
260
_c
1981
300
_a
160 P.,
999
_c
720
_d
720